Úloha hospodárskej politiky pri podpore spillovrov z priamych zahraničných investícií

Zvláštny dôraz sa kladie na prínos priamych zahraničných investícií (PZI) ku zvyšovaniu produktivity a konkurencieschopnosti domácich firiem. Dúfame, že technologický transfer pochádzajúci z PZI prejde za hranice projektov uskutočňovaných zahraničnými investormi a cez tzv. spillovre sa stane prínoso...

Ausführliche Beschreibung

Gespeichert in:
Bibliographische Detailangaben
1. Verfasser: Fifeková, Martina
Format: Buchkapitel
Sprache:Slowakisch
Schlagworte:
Tags: Tag hinzufügen
Keine Tags, Fügen Sie das erste Tag hinzu!

MARC

LEADER 00000naa$a2200000$$$4500
001 0050056
005 20240502071557.6
041 0 |a slo 
044 |a SK 
245 1 0 |a Úloha hospodárskej politiky pri podpore spillovrov z priamych zahraničných investícií  |c Martina Fifeková 
520 |a Zvláštny dôraz sa kladie na prínos priamych zahraničných investícií (PZI) ku zvyšovaniu produktivity a konkurencieschopnosti domácich firiem. Dúfame, že technologický transfer pochádzajúci z PZI prejde za hranice projektov uskutočňovaných zahraničnými investormi a cez tzv. spillovre sa stane prínosom pre domáce firmy. Úloha hospodárskej politiky pri podpore spillovrov z PZI. 
610 2 0 |a investície priame zahraničné 
610 2 0 |a stimulovanie 
610 2 0 |a stimuly 
610 2 0 |a politika hospodárska 
610 2 0 |a transfer technológie 
100 1 |a Fifeková, Martina